000 00372nam a2200169Ia 4500
005 20251020182601.0
008 200515s9999 xx 000 0 und d
082 _aSC/331-0553.7/M42
110 _aOIT
245 0 _aEl trabajo de los niƱos
260 _aGinebra
260 _c1980
300 _a179
650 _aPUB OIT
650 _aTRABAJO INFANTIL
942 _cLIB
999 _c3040
_d3040